00410nam a22001217a 4500008004100000050002100041100003100062245009400093260004100187300003200228500001900260650000900279170208b xxu||||| |||| 00| 0 eng d aND 1170 .C7 1958 a[edited by Craven, Thomas] aA treasury of art masterpieces:bfrom the reinaissance to the present day/cThoma craven. aNewYork :bSimon and Schuter,c1958. axvi, 327p. :bill. ;c28cm. aInclude index. aArt.